Arabialaisia lainasanoja - Statistics

Yleistilastot
  • Tätä visaa on pelattu 681 kertaa
  • Keskiarvotulos 13 / 20
Vastaustilastot
Määritelmä Word % Oikein
Pitkäkaulainen eläin K Kirahvi
95%
Trooppinen useita kuukausia kestävä sadekausi M Monsuuni
87%
Yleensä poliisien tekemä yllätystarkastus R Ratsia
85%
Balsamoitu ihmisen ruumis M Muumio
84%
Metsästys- tai valokuvausretki, usein Afrikassa S Safari
80%
Matematiikan haara, jossa ongelmat ratkaistaan laskusäännöillä A Algebra
79%
Merivoimien korkein sotilasarvo A Amiraali
78%
Jalokivien painon mittayksikkö K Karaatti
78%
Kikherneistä ja tahinista valmistettu tahna tai dippi H Hummus
77%
Pitkäsiipinen merilintu A Albatrossi
70%
Joukko vaimoja ja jalkavaimoja H Haaremi
61%
Vihreän teen mausteena käytetty valkokukkainen kasvi J Jasmiini
61%
Kitkerän ja tulisen makuinen mauste ja väriaine S Sahrami
58%
Juoma, jonka kemiallinen kaava on C2H6O A Alkoholi
55%
Arabilaisen kylän heimon vanhin tai johtaja Š Šeikki
55%
Osmanien valtakunnan tai muun islamilaisen valtion johtajan arvonimi S Sulttaani
55%
Keskiaikainen kielisoitin L Luuttu
50%
Vedestä ja sokerista koostuva ruskea sokeriliuos S Siirappi
50%
Tulli- tai kuljetusmaksu T Tariffi
35%
Zeniitin vastakohta N Nadiiri
9%
Ehtoja vastaavia visoja ei löytynyt
Tulosjakauma
Jokaisen tuloksen saaneiden osuus
Persentiili vastausten määrän mukaan
Tuloshistoriasi
Et ole pelannut tätä visaa